[Event "ESP-ch U12 rapid"]
[Site "Salobrena"]
[Date "2023.07.16"]
[Round "6"]
[White "Briand, Noel Santiago"]
[Black "Reboredo Barrosa, Antia"]
[Result "1-0"]
[WhiteElo "1395"]
[BlackElo "1213"]
[PlyCount "109"]
[EventDate "2023.07.15"]
[EventType "swiss (rapid)"]
[EventRounds "9"]
[EventCountry "ESP"]
[SourceTitle "EXT 2024"]
[Source "ChessBase"]
[SourceDate "2023.10.10"]
[SourceVersion "1"]
[SourceVersionDate "2023.10.10"]
[SourceQuality "1"]

1. e4 e5 2. Nf3 Nc6 3. d4 exd4 4. Bc4 Nf6 5. e5 d5 6. Bb5 Ne4 7. Nxd4 Bd7 8. Bxc6 bxc6 9. 0-0 Bc5 10. Be3 Bb6 11. f3 Nc5 12. f4 0-0 13. c3 Ne4 14. Nd2 Nxd2 15. Qxd2 Bxd4 16. cxd4 f6 17. Rac1 Rb8 18. b3 Qe7 19. Qa5 Rb5 20. Qxc7 Rc8 21. Qxa7 Qd8 22. Qa3 Ra8 23. Qb2 Rba5 24. Ra1 fxe5 25. fxe5 Qe7 26. Qf2 Re8 27. Bg5 Qf8 28. Qd2 Qa3 29. Rf3 Raa8 30. Rg3 Kh8 31. Qf2 Rf8 32. Qc2 Qb4 33. Qc3 Qb5 34. Qd3 Qb4 35. h3 Bf5 36. Qc3 Qb6 37. Be7 Rf7 38. Bc5 Qc7 39. b4 Be4 40. Bd6 Qd7 41. a3 Qf5 42. Qxc6 Rc8 43. Qb5 Qf2+ 44. Kh2 Qxd4 45. Rc1 Rd8 46. e6 Rf2 47. e7 Rg8 48. Bc5 Qd2 49. Bxf2 Qxc1 50. e8Q h6 51. Qxg8+ Kxg8 52. Qe8+ Kh7 53. Rxg7+ Kxg7 54. Bd4+ Kh7 55. Qf7# 1-0

[Event "ESP-ch U12 rapid"]
[Site "Salobrena"]
[Date "2023.07.16"]
[Round "7"]
[White "Garigorta Martinez, Ibai"]
[Black "Briand, Noel Santiago"]
[Result "1-0"]
[WhiteElo "1702"]
[BlackElo "1395"]
[PlyCount "53"]
[EventDate "2023.07.15"]
[EventType "swiss (rapid)"]
[EventRounds "9"]
[EventCountry "ESP"]
[SourceTitle "EXT 2024"]
[Source "ChessBase"]
[SourceDate "2023.10.10"]
[SourceVersion "1"]
[SourceVersionDate "2023.10.10"]
[SourceQuality "1"]

1. e4 c5 2. Nf3 d6 3. d4 cxd4 4. Nxd4 Nf6 5. Nc3 g6 6. Be3 Bg7 7. f3 0-0 8. Qd2 Nc6 9. g4 Be6 10. Nxe6 fxe6 11. 0-0-0 Ne5 12. Be2 a6 13. h4 b5 14. h5 b4 15. Na4 Qa5 16. b3 Rfc8 17. Bb6 Nxf3 18. Bxf3 Qe5 19. Bd4 Qa5 20. e5 dxe5 21. Bb6 Qb5 22. Bxa8 Nxg4 23. hxg6 Bh6 24. Rxh6 Nxh6 25. Qxh6 Rxc2+ 26. Kxc2 Qe2+ 27. Rd2 1-0

[Event "ESP-ch U12 rapid"]
[Site "Salobrena"]
[Date "2023.07.16"]
[Round "5"]
[White "Nechifor, David"]
[Black "Briand, Noel Santiago"]
[Result "1-0"]
[WhiteElo "1531"]
[BlackElo "1395"]
[PlyCount "105"]
[EventDate "2023.07.15"]
[EventType "swiss (rapid)"]
[EventRounds "9"]
[EventCountry "ESP"]
[SourceTitle "EXT 2024"]
[Source "ChessBase"]
[SourceDate "2023.10.10"]
[SourceVersion "1"]
[SourceVersionDate "2023.10.10"]
[SourceQuality "1"]

1. d4 d5 2. c4 e6 3. Nc3 Nf6 4. Nf3 dxc4 5. e3 a6 6. Bxc4 b5 7. Bd3 Bb7 8. 0-0 Nbd7 9. Qe2 c5 10. Rd1 c4 11. Bc2 Nd5 12. e4 Nxc3 13. bxc3 Be7 14. a4 0-0 15. Bf4 Re8 16. Rab1 Qa5 17. Qe1 Nf8 18. Rb2 Bc6 19. Ne5 Rac8 20. Nxc6 Rxc6 21. Ra1 Qb6 22. Be3 Qb7 23. axb5 axb5 24. Rab1 Rb8 25. Ba4 Rb6 26. d5 Ba3 27. Ra2 b4 28. Bxb6 Ra8 29. Bc6 Qxb6 30. Bxa8 Qa6 31. cxb4 Qxa8 32. Rba1 Qc8 33. Rxa3 exd5 34. exd5 h6 35. Ra8 Qb7 36. Qe8 Qxb4 37. Qxf8+ Qxf8 38. Rxf8+ Kxf8 39. Rc1 Ke7 40. Rxc4 Kd6 41. Rd4 f6 42. f4 g6 43. g4 g5 44. f5 Kd7 45. d6 Kd8 46. d7 h5 47. Kg2 h4 48. h3 Kc7 49. d8Q+ Kc6 50. Qd6+ Kb7 51. Rb4+ Ka7 52. Qb8+ Ka6 53. Qb6# 1-0

[Event "ESP-ch U12 rapid"]
[Site "Salobrena"]
[Date "2023.07.15"]
[Round "4"]
[White "Briand, Noel Santiago"]
[Black "Ruiz Sanchez, Dario"]
[Result "1-0"]
[WhiteElo "1395"]
[BlackElo "1089"]
[PlyCount "67"]
[EventDate "2023.07.15"]
[EventType "swiss (rapid)"]
[EventRounds "9"]
[EventCountry "ESP"]
[SourceTitle "EXT 2024"]
[Source "ChessBase"]
[SourceDate "2023.10.10"]
[SourceVersion "1"]
[SourceVersionDate "2023.10.10"]
[SourceQuality "1"]

1. e4 e5 2. Nf3 Nc6 3. Bc4 Bc5 4. d4 exd4 5. Ng5 Bb4+ 6. c3 dxc3 7. bxc3 Bc5 8. Nxf7 Qf6 9. 0-0 Ne5 10. Bg5 Qg6 11. Nxh8 Qxg5 12. Bxg8 d6 13. Kh1 Qf6 14. Qh5+ g6 15. Qxh7 Bg4 16. f3 Bh5 17. Bf7+ Nxf7 18. Qg8+ Kd7 19. Qxa8 Nxh8 20. Qxb7 Nf7 21. Qb5+ Kd8 22. Nd2 Qxc3 23. Qc4 Qxd2 24. Qxf7 Bd4 25. Rad1 Qe2 26. g4 Bxg4 27. fxg4 Qxe4+ 28. Qf3 Qe5 29. Qf8+ Kd7 30. Rf7+ Kc6 31. Qa8+ Kc5 32. Rxc7+ Kb4 33. Rb1+ Ka3 34. Rxa7+ 1-0

[Event "ESP-ch U12"]
[Site "Salobrena"]
[Date "2023.07.12"]
[Round "4"]
[White "Rivero Gil, Carlos"]
[Black "Briand, Noel Santiago"]
[Result "0-1"]
[WhiteElo "1361"]
[BlackElo "1648"]
[PlyCount "34"]
[EventDate "2023.07.10"]
[EventType "swiss"]
[EventRounds "9"]
[EventCountry "ESP"]
[SourceTitle "EXT 2024"]
[Source "ChessBase"]
[SourceDate "2023.10.10"]
[SourceVersion "1"]
[SourceVersionDate "2023.10.10"]
[SourceQuality "1"]

1. e4 c5 2. b3 g6 3. Bb2 Nf6 4. Nc3 Bg7 5. Nd5 0-0 6. Nxf6+ exf6 7. Bc4 Re8 8. Bd5 Nc6 9. Ne2 Nb4 10. 0-0 Nxd5 11. exd5 b5 12. c4 bxc4 13. bxc4 d6 14. Bc3 Qb6 15. d4 Qa6 16. dxc5 Qxc4 17. Re1 Ba6 0-1

[Event "ESP-ch U12 Rapid"]
[Site "Salobrena"]
[Date "2022.07.17"]
[Round "7"]
[White "Gonzalez Gonzalez, Javier I"]
[Black "Briand, Noel Santiago"]
[Result "1-0"]
[WhiteElo "1539"]
[BlackElo "1283"]
[PlyCount "107"]
[EventDate "2022.07.09"]
[EventType "swiss (rapid)"]
[EventRounds "9"]
[EventCountry "ESP"]
[SourceTitle "EXT 2023"]
[Source "ChessBase"]
[SourceDate "2022.10.05"]
[SourceVersion "1"]
[SourceVersionDate "2022.10.05"]
[SourceQuality "1"]

1. d4 Nf6 2. Nf3 d5 3. g3 c5 4. c4 Nc6 5. cxd5 Nxd5 6. Bg2 cxd4 7. Nxd4 e5 8. Nxc6 bxc6 9. Nc3 Bb4 10. Bd2 Bxc3 11. Bxc3 f6 12. e4 Nxc3 13. Qxd8+ Kxd8 14. bxc3 Be6 15. 0-0 Ke7 16. a3 h5 17. Rab1 Rab8 18. Rb4 Rhd8 19. Rfb1 Rxb4 20. axb4 Rd2 21. Ra1 Kf8 22. h4 Ra2 23. Rxa2 Bxa2 24. Bh3 Ke7 25. Kf1 Bc4+ 26. Ke1 Kd6 27. Kd2 c5 28. Bf5 Bf7 29. Bc8 Kc7 30. Ba6 cxb4 31. cxb4 g5 32. Be2 g4 33. Kc3 Bg6 34. Bd3 Kb6 35. Kb3 a5 36. bxa5+ Kxa5 37. Kc4 Bf7+ 38. Kc5 Ka4 39. Kd6 Kb3 40. Ke7 Bc4 41. Bxc4+ Kxc4 42. Kxf6 Kd4 43. Kf5 Kd3 44. Kxe5 Ke2 45. Kf4 Kxf2 46. e5 Kg2 47. e6 Kh3 48. e7 Kh2 49. e8Q Kh3 50. Qxh5 Kh2 51. Qxg4 Kh1 52. Qe2 Kg1 53. Kf3 Kh1 54. Qg2# 1-0